Central Library OPAC University of Rajshahi
Normal view MARC view

Entry Geographic Name

Number of records used in: 2

001 - CONTROL NUMBER

  • control field: 16852

003 - CONTROL NUMBER IDENTIFIER

  • control field: BD-RjUL

005 - DATE AND TIME OF LATEST TRANSACTION

  • control field: 20250910143339.0

008 - FIXED-LENGTH DATA ELEMENTS

  • fixed length control field: 250910|| aca||aabn | a|a d

040 ## - CATALOGING SOURCE

  • Original cataloging agency: BD-RjUL
  • Transcribing agency: BD-RjUL

151 ## - HEADING--GEOGRAPHIC NAME

  • Geographic name: Bangladesh
  • General subdivision: Commerce
  • Form subdivision: Congresses

670 ## - SOURCE DATA FOUND

  • Source citation: Work cat.: (BD-RjUL)85689: Towards greater sub-regional economic cooperation :, c2002.